[Event "Österreichische Meisterschaften"]
[Site "Imst"]
[Date "2008.03.17"]
[Round "1.1"]
[White "Fröwis, Annika"]
[Black "Wilfling, Sandra"]
[Result "1-0"]
[WhiteElo "1906"]
[BlackElo "1580"]
[PlyCount "43"]
[EventDate "2008.03.17"]

1. e4 c5 2. Nf3 d6 3. d4 cxd4 4. Nxd4 Nf6 5. Nc3 g6 6. Be3 Bg7 7. f3 O-O 8. Qd2
Nc6 9. O-O-O Nxd4 10. Bxd4 Be6 11. Kb1 Qc7 12. h4 Rfc8 13. h5 Qa5 14. hxg6 fxg6
15. a3 Rab8 16. g4 b5 17. Bxf6 exf6 18. Qxd6 Bf7 19. Nd5 Bxd5 20. Qxd5+ Kh8 21.
Bd3 Qd8 22. Rxh7+ 1-0

[Event "Österreichische Meisterschaften"]
[Site "Imst"]
[Date "2008.03.17"]
[Round "1.2"]
[White "Gerhold, Doris"]
[Black "Anker, Christin"]
[Result "0-1"]
[WhiteElo "1417"]
[BlackElo "1821"]
[PlyCount "50"]
[EventDate "2008.03.17"]

1. e4 e5 2. Nf3 Nc6 3. Bc4 Bc5 4. c3 Nf6 5. d3 d6 6. Nbd2 Bd7 7. Nf1 Bb6 8. Bb3
Ne7 9. Ng3 Ng6 10. Be3 h6 11. Qe2 Qe7 12. O-O Nf4 13. Qd2 g5 14. d4 O-O-O 15.
Rfd1 Bg4 16. dxe5 dxe5 17. Qe1 N6h5 18. Nf5 Qf6 19. h3 Nxh3+ 20. Kh1 Bxf5 21.
exf5 Qxf5 22. Nh2 Nxf2+ 23. Qxf2 Qxf2 24. Bxf2 Bxf2 25. Bxf7 Ng3# 0-1

[Event "Österreichische Meisterschaften"]
[Site "Imst"]
[Date "2008.03.17"]
[Round "1.3"]
[White "Kessler, Michaela"]
[Black "Gavric, Dragana"]
[Result "1-0"]
[WhiteElo "1750"]
[BlackElo "1414"]
[PlyCount "47"]
[EventDate "2008.03.17"]

1. e4 c5 2. Nf3 e6 3. d4 cxd4 4. Nxd4 Nc6 5. Be3 a6 6. Bd3 Nf6 7. O-O Qc7 8.
Nd2 Bd6 9. Nxc6 Qxc6 10. f4 Bc5 11. Bxc5 Qxc5+ 12. Kh1 d6 13. Nb3 Qc7 14. Qf3
e5 15. fxe5 dxe5 16. Qg3 Nh5 17. Qg5 g6 18. Rad1 O-O 19. Nd2 Ng7 20. Nc4 f5 21.
exf5 Bxf5 22. Qe3 e4 23. Bxe4 Qxc4 24. Bd5+ 1-0

[Event "Österreichische Meisterschaften"]
[Site "Imst"]
[Date "2008.03.17"]
[Round "1.4"]
[White "De Leon, Angelica"]
[Black "Wunderl, Eva"]
[Result "1/2-1/2"]
[WhiteElo "1349"]
[BlackElo "1613"]
[PlyCount "96"]
[EventDate "2008.03.17"]

1. e4 e5 2. Nc3 Nf6 3. f4 d5 4. fxe5 Nxe4 5. d4 Qh4+ 6. g3 Nxg3 7. Nf3 Qh5 8.
Nxd5 Nxh1 9. Nxc7+ Kd8 10. Nxa8 Bg4 11. Bg2 Bxf3 12. Qxf3 Qxh2 13. Bxh1 Qg1+
14. Ke2 Qxd4 15. Qxb7 Qxe5+ 16. Kd3 Qf5+ 17. Be4 Qd7+ 18. Qxd7+ Kxd7 19. Be3
Nc6 20. Kc4 Bd6 21. Bf5+ Ke7 22. Kd5 Nb4+ 23. Kc4 g6 24. Be4 f5 25. a3 Rc8+ 26.
Kb3 fxe4 27. axb4 Rxa8 28. Rxa7+ Rxa7 29. Bxa7 Kd7 30. b5 Bf4 31. Kc3 Be5+ 32.
Bd4 Bf4 33. Bf2 Be5+ 34. Bd4 Bg3 35. Be3 h5 36. Kd4 h4 37. Kxe4 h3 38. Bg1 h2
39. Bxh2 Bxh2 40. Kf3 Kc7 41. Kg4 Kb6 42. c4 Be5 43. Kg5 Bxb2 44. Kxg6 Kc5 45.
Kf5 Bd4 46. b6 Kxb6 47. Ke4 Kc5 48. Kd3 Bh8 1/2-1/2

[Event "Österreichische Meisterschaften"]
[Site "Imst"]
[Date "2008.03.17"]
[Round "1.5"]
[White "Steininger, Sandra"]
[Black "Vergeiner, Sandra"]
[Result "1-0"]
[WhiteElo "1590"]
[BlackElo "1258"]
[PlyCount "71"]
[EventDate "2008.03.17"]

1. d4 d5 2. c4 e6 3. Nc3 Nf6 4. Bg5 Be7 5. Nf3 Ne4 6. Nxe4 dxe4 7. Bxe7 Qxe7 8.
Nd2 Qh4 9. e3 Nc6 10. a3 e5 11. g3 Qg4 12. Be2 Qf5 13. d5 Ne7 14. Qc2 Qg6 15.
Qxe4 Qxe4 16. Nxe4 Bf5 17. Nc3 O-O-O 18. e4 Bg6 19. b4 f5 20. f3 Bh5 21. exf5
g6 22. g4 Bxg4 23. fxg4 gxf5 24. gxf5 Nxf5 25. Bg4 Rhf8 26. Rf1 Rde8 27. Rxf5
Rxf5 28. Bxf5+ Kd8 29. Bxh7 Rh8 30. Be4 Rxh2 31. O-O-O Rh3 32. Kc2 Re3 33. Bd3
Kd7 34. Rf1 Kd6 35. Rf7 Rh3 36. c5# 1-0

[Event "Österreichische Meisterschaften"]
[Site "Imst"]
[Date "2008.03.17"]
[Round "2.1"]
[White "Kessler, Michaela"]
[Black "Fröwis, Annika"]
[Result "1/2-1/2"]
[WhiteElo "1750"]
[BlackElo "1906"]
[PlyCount "34"]
[EventDate "2008.03.17"]

1. e4 c5 2. Nf3 d6 3. d4 cxd4 4. Nxd4 Nf6 5. Nc3 g6 6. Be3 Bg7 7. f3 O-O 8. Qd2
Nc6 9. O-O-O d5 10. exd5 Nxd5 11. Nxc6 bxc6 12. Nxd5 cxd5 13. Qxd5 Qc7 14. Qc5
Qb7 15. Qb5 Qc7 16. Qc5 Qb7 17. Qb5 Qc7 1/2-1/2

[Event "Österreichische Meisterschaften"]
[Site "Imst"]
[Date "2008.03.17"]
[Round "2.2"]
[White "Anker, Christin"]
[Black "Steininger, Sandra"]
[Result "1/2-1/2"]
[WhiteElo "1821"]
[BlackElo "1590"]
[PlyCount "51"]
[EventDate "2008.03.17"]

1. e4 c5 2. Nf3 Nc6 3. d4 cxd4 4. Nxd4 g6 5. c4 Bg7 6. Be3 Nf6 7. Nc3 O-O 8.
Be2 Re8 9. Nc2 d6 10. O-O Be6 11. f3 Qc7 12. Nd5 Bxd5 13. cxd5 Ne5 14. Nd4 a6
15. Rc1 Qd8 16. Qd2 Ned7 17. Rc2 Rc8 18. Rfc1 Rxc2 19. Rxc2 Nb8 20. Qb4 Qd7 21.
Qb6 Rc8 22. Rxc8+ Qxc8 23. Qb3 Nbd7 24. Qd1 Ne8 25. b3 Qc3 26. Bf2 1/2-1/2

[Event "Österreichische Meisterschaften"]
[Site "Imst"]
[Date "2008.03.17"]
[Round "2.3"]
[White "Wunderl, Eva"]
[Black "Wilfling, Sandra"]
[Result "1/2-1/2"]
[WhiteElo "1613"]
[BlackElo "1580"]
[PlyCount "40"]
[EventDate "2008.03.17"]

1. e4 c5 2. Nf3 d6 3. Bb5+ Bd7 4. Bxd7+ Nxd7 5. O-O Ngf6 6. Re1 e6 7. c3 Be7 8.
d4 cxd4 9. cxd4 O-O 10. Nc3 a6 11. h3 Rc8 12. Be3 Nb6 13. d5 Nc4 14. Qe2 b5 15.
a3 Qc7 16. Nd4 Qd7 17. Nc6 exd5 18. Nxe7+ Qxe7 19. exd5 Rfe8 20. Qc2 Qb7
1/2-1/2

[Event "Österreichische Meisterschaften"]
[Site "Imst"]
[Date "2008.03.17"]
[Round "2.4"]
[White "Gavric, Dragana"]
[Black "De, Leon Angelica"]
[Result "1/2-1/2"]
[WhiteElo "1414"]
[BlackElo "1349"]
[PlyCount "33"]
[EventDate "2008.03.17"]

1. e4 e5 2. Nf3 Nc6 3. Bc4 Bc5 4. c3 Nf6 5. O-O Nxe4 6. d4 exd4 7. cxd4 Bb6 8.
Re1 d5 9. Bxd5 Qxd5 10. Nc3 Qd8 11. Rxe4+ Ne7 12. Bg5 f6 13. Bh4 Bf5 14. Qa4+
Qd7 15. Qxd7+ Kxd7 16. Re3 g5 17. Bg3 1/2-1/2

[Event "Österreichische Meisterschaften"]
[Site "Imst"]
[Date "2008.03.17"]
[Round "2.5"]
[White "Vergeiner, Sandra"]
[Black "Gerhold, Doris"]
[Result "0-1"]
[WhiteElo "1258"]
[BlackElo "1417"]
[PlyCount "66"]
[EventDate "2008.03.17"]

1. e4 c5 2. Nf3 Nc6 3. Nc3 g6 4. d3 Bg7 5. Bd2 e6 6. Qe2 Nge7 7. O-O-O d6 8.
Nb5 a6 9. Nc3 O-O 10. Bf4 Bd7 11. Qe3 Qc7 12. Bh6 b5 13. Bxg7 Kxg7 14. d4 b4
15. d5 bxc3 16. dxc6 cxb2+ 17. Kxb2 Bxc6 18. Qd3 Rfd8 19. Qc3+ f6 20. Ng5 Qc8
21. Bc4 d5 22. Bd3 c4 23. Be2 Qb8+ 24. Kc1 Qf4+ 25. Qe3 Qxe3+ 26. fxe3 fxg5 27.
exd5 exd5 28. Rhf1 Nf5 29. Rf3 d4 30. Rff1 Nxe3 31. Rxd4 Nxf1 32. Rxd8 Rxd8 33.
Bxf1 Bb5 0-1

[Event "Österreichische Meisterschafte"]
[Site "Imst"]
[Date "2008.03.18"]
[Round "3.1"]
[White "Fröwis, Annika"]
[Black "Anker, Christin"]
[Result "0-1"]
[WhiteElo "1906"]
[BlackElo "1821"]
[PlyCount "112"]
[EventDate "2008.03.17"]

1. e4 e5 2. Nf3 Nc6 3. d4 exd4 4. Bc4 Nf6 5. e5 d5 6. Bb5 Ne4 7. Nxd4 Bd7 8.
Bxc6 bxc6 9. O-O Bc5 10. f3 Ng5 11. Kh1 Bb6 12. Nb3 O-O 13. a4 a6 14. a5 Ba7
15. Na3 Qe7 16. Re1 Rfd8 17. c3 Rab8 18. Nd4 c5 19. Ne2 Bc6 20. Qd3 Bb7 21. Ng3
Bc8 22. f4 Ne6 23. f5 Nf8 24. Nc2 d4 25. cxd4 cxd4 26. b4 c5 27. bxc5 Bxc5 28.
Bf4 Rb5 29. Rf1 Qd7 30. Bg5 Re8 31. Rae1 Bb7 32. Nh5 Qd5 33. Qg3 Qb3 34. Nf6+
gxf6 35. Rf3 Bxf3 36. Bxf6+ Ng6 37. fxg6 fxg6 38. gxf3 Qxc2 39. Qg4 Qf5 40. Qg3
Rb3 41. Rf1 d3 42. Qh4 Rb4 43. Qh6 Bf8 44. Qd2 Rf4 45. Kg2 Ra4 46. Rc1 Ra3 47.
Rc7 Qe6 48. Kg3 Rc8 49. Rb7 Qc6 50. Rb2 Qc5 51. Kh3 Qxa5 52. Qg2 Qd5 53. Rd2
Rc2 54. Kg3 Rxd2 55. Qxd2 Ra2 56. Qd1 d2 0-1

[Event "Österreichische Meisterschafte"]
[Site "Imst"]
[Date "2008.03.18"]
[Round "3.2"]
[White "Steininger, Sandra"]
[Black "Kessler, Michaela"]
[Result "0-1"]
[WhiteElo "1590"]
[BlackElo "1750"]
[PlyCount "78"]
[EventDate "2008.03.17"]

1. d4 Nf6 2. c4 e6 3. Nc3 Bb4 4. Qb3 Bxc3+ 5. Qxc3 O-O 6. Bg5 b6 7. Qf3 Nc6 8.
Bxf6 Qxf6 9. Qxf6 gxf6 10. e3 Bb7 11. a3 a5 12. Nf3 f5 13. Be2 f6 14. Rg1 Ne7
15. h4 Kf7 16. Rc1 c5 17. dxc5 bxc5 18. Nd2 Bc6 19. Bf3 Rab8 20. Bxc6 Nxc6 21.
Rc2 Ke7 22. Ke2 Rg8 23. f3 d6 24. Nb1 f4 25. Nc3 fxe3 26. Kxe3 Nd4 27. Rf2 Nf5+
28. Kd3 h5 29. Rh1 Rb3 30. Kc2 Nd4+ 31. Kc1 Rgb8 32. Ne4 Nc6 33. f4 Re3 34. Nc3
Nd4 35. Kd2 Rg3 36. Kc1 Nf5 37. Rh2 Ne3 38. Ne4 Rg7 39. Nd2 Ng4 0-1

[Event "Österreichische Meisterschafte"]
[Site "Imst"]
[Date "2008.03.18"]
[Round "3.3"]
[White "Gerhold, Doris"]
[Black "Wunderl, Eva"]
[Result "0-1"]
[WhiteElo "1417"]
[BlackElo "1613"]
[PlyCount "62"]
[EventDate "2008.03.17"]

1. e4 e5 2. Nf3 Nc6 3. Bc4 Nf6 4. Ng5 d5 5. exd5 Na5 6. Bb5+ c6 7. dxc6 bxc6 8.
Be2 h6 9. Nh3 Bd6 10. Nc3 Qc7 11. Ng1 O-O 12. d3 Re8 13. Be3 e4 14. Qd2 Rb8 15.
Na4 Nd5 16. Bd4 exd3 17. Qxd3 Nf4 18. Qd2 Nxg2+ 19. Kf1 Nf4 20. Re1 Bd7 21. Be3
Nb7 22. Qd4 Ne6 23. Qg4 Ng5 24. Qg2 Be5 25. Bd2 c5 26. Nc3 Bc6 27. Nf3 Bf4 28.
Qg4 Bxd2 29. Rd1 Bxc3 30. bxc3 Qe7 31. Rd2 Bxf3 0-1

[Event "Österreichische Meisterschafte"]
[Site "Imst"]
[Date "2008.03.18"]
[Round "3.4"]
[White "Wilfling, Sandra"]
[Black "De, Leon Angelica"]
[Result "1/2-1/2"]
[WhiteElo "1580"]
[BlackElo "1349"]
[PlyCount "50"]
[EventDate "2008.03.17"]

1. d4 d5 2. c4 e6 3. Nc3 Nf6 4. Bg5 Nbd7 5. e3 c6 6. Nf3 Qa5 7. Nd2 dxc4 8.
Bxf6 Nxf6 9. Nxc4 Qc7 10. Bd3 Be7 11. O-O O-O 12. Qc2 b5 13. Ne5 Bd6 14. f4 Kh8
15. Rf3 h6 16. Ne4 Bxe5 17. dxe5 Nd5 18. a3 Qb6 19. Qc5 Qxc5 20. Nxc5 a5 21. e4
Nc7 22. f5 Na6 23. Rc1 Nxc5 24. Rxc5 Bb7 25. f6 g5 1/2-1/2

[Event "Österreichische Meisterschafte"]
[Site "Imst"]
[Date "2008.03.18"]
[Round "3.5"]
[White "Vergeiner, Sandra"]
[Black "Gavric, Dragana"]
[Result "0-1"]
[WhiteElo "1258"]
[BlackElo "1414"]
[PlyCount "146"]
[EventDate "2008.03.17"]

1. e4 c5 2. Nf3 e6 3. d4 cxd4 4. Nxd4 Nc6 5. Nc3 Nf6 6. Be3 a6 7. Qd2 Qc7 8.
O-O-O b5 9. f3 Ne5 10. Bf4 Bb7 11. Nb3 d5 12. g3 Bd6 13. Bxe5 Bxe5 14. exd5
Nxd5 15. Nxd5 Bxd5 16. Bg2 Rc8 17. c3 b4 18. Kb1 bxc3 19. bxc3 Qb7 20. Rc1 O-O
21. Rhe1 Bf6 22. Rc2 Bxb3 23. axb3 Qxb3+ 24. Rb2 Qc4 25. Re4 Qxc3 26. Qxc3 Rxc3
27. Reb4 h6 28. f4 Ra3 29. Ra2 Rxa2 30. Kxa2 a5 31. Rb5 Bc3 32. Ka3 Bb4+ 33.
Ka4 Rd8 34. h4 Kf8 35. f5 exf5 36. Rxf5 Be1 37. h5 Bxg3 38. Kxa5 Re8 39. Rf3
Re5+ 40. Ka4 Rg5 41. Bf1 Be5 42. Bb5 Rxh5 43. Re3 Rf5 44. Ka5 g5 45. Bd3 Bd4+
46. Kb4 Bxe3 47. Bxf5 Ke7 48. Kc4 Kf6 49. Bc8 Ke5 50. Kd3 Bf4 51. Ke2 h5 52.
Kf3 g4+ 53. Kg2 f5 54. Bb7 h4 55. Kf2 h3 56. Kg1 g3 57. Ba8 g2 58. Bxg2 hxg2
59. Kxg2 Ke4 60. Kf1 Kf3 61. Kg1 Ke2 62. Kg2 Bh2 63. Kxh2 f4 64. Kg2 f3+ 65.
Kg1 f2+ 66. Kh2 f1=Q 67. Kg3 Qf3+ 68. Kh4 Qg2 69. Kh5 Kf3 70. Kh6 Kf4 71. Kh7
Kf5 72. Kh8 Kf6 73. Kh7 Qg7# 0-1

[Event "Österreichische Meisterschafte"]
[Site "Imst"]
[Date "2008.03.19"]
[Round "4.1"]
[White "Anker, Christin"]
[Black "Kessler, Michaela"]
[Result "1/2-1/2"]
[WhiteElo "1821"]
[BlackElo "1750"]
[PlyCount "37"]
[EventDate "2008.03.17"]

1. e4 c5 2. Nf3 d6 3. d4 cxd4 4. Nxd4 Nf6 5. Nc3 a6 6. g3 e5 7. Nb3 Nbd7 8. Bg2
b5 9. a3 Be7 10. O-O O-O 11. Be3 Bb7 12. Qe2 Rc8 13. Rad1 Qc7 14. Rfe1 Nb6 15.
Bxb6 Qxb6 16. Nd2 Rc5 17. Nf3 Rfc8 18. Nh4 g6 19. Qd2 1/2-1/2

[Event "Österreichische Meisterschafte"]
[Site "Imst"]
[Date "2008.03.19"]
[Round "4.2"]
[White "Wunderl, Eva"]
[Black "Fröwis, Annika"]
[Result "0-1"]
[WhiteElo "1613"]
[BlackElo "1906"]
[PlyCount "66"]
[EventDate "2008.03.17"]

1. e4 e5 2. Nf3 Nc6 3. d4 exd4 4. Bc4 Nf6 5. O-O Bc5 6. e5 d5 7. Bb5 Ne4 8.
Nxd4 Bd7 9. Bxc6 bxc6 10. f3 Ng5 11. f4 Ne4 12. Be3 Bb6 13. Nd2 Nxd2 14. Qxd2
c5 15. Nb3 d4 16. Bf2 Bc6 17. Kh1 h5 18. Rfe1 Rh6 19. f5 h4 20. h3 Qd5 21. Bg1
O-O-O 22. Re2 c4 23. Nc1 Rh5 24. Qf4 Bd7 25. e6 Bc6 26. exf7 Qxf7 27. Qg4 Qxf5
28. Qxf5+ Rxf5 29. b3 d3 30. cxd3 Rf1 31. d4 Bxd4 32. Rd2 Bxg1 33. Rxd8+ Kxd8
0-1

[Event "Österreichische Meisterschafte"]
[Site "Imst"]
[Date "2008.03.19"]
[Round "4.3"]
[White "Gavric, Dragana"]
[Black "Steininger, Sandra"]
[Result "0-1"]
[WhiteElo "1414"]
[BlackElo "1590"]
[PlyCount "120"]
[EventDate "2008.03.17"]

1. e4 c5 2. Nf3 Nc6 3. d4 cxd4 4. Nxd4 g6 5. Nc3 Bg7 6. Be3 Nf6 7. Bc4 O-O 8.
Bb3 e6 9. f3 d5 10. O-O Na5 11. e5 Nd7 12. f4 a6 13. g4 Nb8 14. g5 Nbc6 15. Rf3
Nxd4 16. Bxd4 Nc6 17. Bc5 Re8 18. Rh3 Nxe5 19. Bd4 Nc6 20. Bxg7 Kxg7 21. Rh6
Ne7 22. Qd4+ Kg8 23. Qe5 Nf5 24. Rh3 Qd6 25. Qxd6 Nxd6 26. Re1 Bd7 27. Nd1 Rac8
28. Ne3 Kg7 29. Ng4 Rh8 30. Ne5 Bb5 31. Ng4 Bc4 32. c3 Ne4 33. Ne5 Bxb3 34.
axb3 Nd2 35. b4 Nc4 36. Nd3 b6 37. Re2 Rhd8 38. Rc2 Nd6 39. Nf2 d4 40. Rd3 dxc3
41. bxc3 Nf5 42. Rxd8 Rxd8 43. Ng4 Ne7 44. Kf2 Rc8 45. Ne3 Nc6 46. Nc4 b5 47.
Nd6 Nxb4 48. Nxc8 Nxc2 49. Nd6 Kf8 50. Ne4 Na3 51. Nf6 Kg7 52. Ne4 a5 53. Ke1
a4 54. Nd2 Nc4 55. Nxc4 bxc4 56. Kd2 a3 57. Kc2 f6 58. h4 e5 59. gxf6+ Kxf6 60.
fxe5+ Kxe5 0-1

[Event "Österreichische Meisterschafte"]
[Site "Imst"]
[Date "2008.03.19"]
[Round "4.4"]
[White "De, Leon Angelica"]
[Black "Gerhold, Doris"]
[Result "1/2-1/2"]
[WhiteElo "1349"]
[BlackElo "1417"]
[PlyCount "23"]
[EventDate "2008.03.17"]

1. e4 c5 2. Nc3 Nc6 3. g3 g6 4. Bg2 Bg7 5. d3 d6 6. f4 e6 7. Nf3 Nge7 8. O-O
O-O 9. Ne2 Qc7 10. g4 Kh8 11. h3 f5 12. Qe1 1/2-1/2

[Event "Österreichische Meisterschafte"]
[Site "Imst"]
[Date "2008.03.19"]
[Round "4.5"]
[White "Wilfling, Sandra"]
[Black "Vergeiner, Sandra"]
[Result "1-0"]
[WhiteElo "1580"]
[BlackElo "1258"]
[PlyCount "89"]
[EventDate "2008.03.17"]

1. d4 d5 2. c4 e6 3. Nc3 Nf6 4. Bg5 Nbd7 5. Nf3 Bd6 6. e3 h6 7. Bh4 c6 8. Bd3
dxc4 9. Bxc4 Qa5 10. O-O Nd5 11. Rc1 Nxc3 12. Rxc3 b5 13. Bb3 c5 14. dxc5 Bxc5
15. a3 Bb7 16. Bc2 Bc6 17. b4 Qc7 18. bxc5 Bxf3 19. Qxf3 Rb8 20. Bg3 Ne5 21.
Bxe5 Qxe5 22. e4 Rc8 23. Qg3 Qxg3 24. hxg3 O-O 25. Rd1 Rfd8 26. Rxd8+ Rxd8 27.
c6 Kf8 28. Kf1 Ke7 29. e5 f6 30. exf6+ gxf6 31. Ke2 Rc8 32. g4 Kd6 33. Be4 Ke5
34. Ke3 f5 35. gxf5 exf5 36. Rc5+ Kd6 37. Rxf5 a6 38. Rf6+ Kc5 39. Rxh6 a5 40.
Rh5+ Kb6 41. Kd4 Rd8+ 42. Rd5 Rxd5+ 43. Kxd5 b4 44. axb4 axb4 45. Kc4 1-0

[Event "Österreichische Meisterschafte"]
[Site "Imst"]
[Date "2008.03.19"]
[Round "5.1"]
[White "Wunderl, Eva"]
[Black "Anker, Christin"]
[Result "1/2-1/2"]
[WhiteElo "1613"]
[BlackElo "1821"]
[PlyCount "52"]
[EventDate "2008.03.17"]

1. e4 e5 2. Nf3 Nc6 3. d4 exd4 4. Bc4 Nf6 5. O-O Bc5 6. e5 d5 7. Bb5 Ne4 8.
Nxd4 Bd7 9. Bxc6 bxc6 10. f3 Ng5 11. f4 Ne4 12. Be3 Rb8 13. b3 Bb6 14. Nd2 Nxd2
15. Qxd2 c5 16. Nf3 d4 17. Bf2 O-O 18. c3 Ba5 19. b4 dxc3 20. Qxc3 cxb4 21. Qc2
Bb6 22. Ng5 g6 23. Rad1 Qc8 24. Ne4 Bf5 25. Nf6+ Kg7 26. Qb2 Bxf2+ 1/2-1/2

[Event "Österreichische Meisterschafte"]
[Site "Imst"]
[Date "2008.03.19"]
[Round "5.2"]
[White "Kessler, Michaela"]
[Black "Wilfling, Sandra"]
[Result "1-0"]
[WhiteElo "1750"]
[BlackElo "1580"]
[PlyCount "109"]
[EventDate "2008.03.17"]

1. e4 c5 2. Nf3 e6 3. d4 cxd4 4. Nxd4 Nf6 5. Bd3 Qb6 6. Nb3 Nc6 7. Be3 Qc7 8.
O-O d5 9. Nc3 Bb4 10. exd5 exd5 11. Nb5 Qe7 12. Bf4 Ne5 13. Bxe5 Qxe5 14. c3
Be7 15. Re1 Qb8 16. Qe2 Be6 17. N5d4 Qd6 18. Nxe6 Qxe6 19. Qxe6 fxe6 20. Rxe6
Kf7 21. Rae1 Rhe8 22. Bb5 Ne4 23. R6xe4 dxe4 24. Bxe8+ Rxe8 25. Rxe4 Rd8 26.
Rd4 Rd6 27. Rxd6 Bxd6 28. Nd4 a6 29. Kf1 Kf6 30. Ke2 Ke5 31. Kd3 Kd5 32. g3 g6
33. f4 b5 34. b3 b4 35. c4+ Kc5 36. Ne6+ Kc6 37. Ke4 h6 38. h3 Kd7 39. Kd5 a5
40. c5 Be7 41. c6+ Kc8 42. Ke5 h5 43. g4 hxg4 44. hxg4 Kb8 45. f5 gxf5 46. gxf5
Kc8 47. f6 Bxf6+ 48. Kxf6 Kb8 49. Ke5 Kc8 50. Kd5 Kb8 51. Kc5 Ka7 52. Kb5 Kb8
53. Kb6 Kc8 54. c7 Kd7 55. Kb7 1-0

[Event "Österreichische Meisterschafte"]
[Site "Imst"]
[Date "2008.03.19"]
[Round "5.3"]
[White "Fröwis, Annika"]
[Black "Steininger, Sandra"]
[Result "1/2-1/2"]
[WhiteElo "1906"]
[BlackElo "1590"]
[PlyCount "56"]
[EventDate "2008.03.17"]

1. e4 c5 2. Nf3 Nc6 3. d4 cxd4 4. Nxd4 g6 5. Nc3 Bg7 6. Be3 Nf6 7. Bc4 O-O 8.
Bb3 e6 9. f3 d5 10. exd5 exd5 11. Qd2 Nxd4 12. Bxd4 Re8+ 13. Kf2 Be6 14. Rad1
Qa5 15. Qd3 Rad8 16. a3 Re7 17. h3 Red7 18. Rhe1 Ne8 19. Ba4 Re7 20. b4 Bxd4+
21. Qxd4 Qc7 22. Nb5 Qb6 23. Qxb6 axb6 24. Bb3 Kf8 25. Nc3 Nc7 26. Na4 Na8 27.
Rd2 Red7 28. Rd4 Rd6 1/2-1/2

[Event "Österreichische Meisterschafte"]
[Site "Imst"]
[Date "2008.03.19"]
[Round "5.4"]
[White "Vergeiner, Sandra"]
[Black "De, Leon Angelica"]
[Result "1/2-1/2"]
[WhiteElo "1258"]
[BlackElo "1349"]
[PlyCount "30"]
[EventDate "2008.03.17"]

1. e4 e5 2. Nf3 Nc6 3. Bb5 d6 4. Nc3 Nf6 5. d4 Bd7 6. O-O a6 7. Bxc6 Bxc6 8.
dxe5 dxe5 9. Qxd8+ Rxd8 10. Bg5 Be7 11. Nxe5 Bxe4 12. Nxe4 Nxe4 13. Bxe7 Kxe7
14. Rfe1 f5 15. f3 Kf6 1/2-1/2

[Event "Österreichische Meisterschafte"]
[Site "Imst"]
[Date "2008.03.19"]
[Round "5.5"]
[White "Gerhold, Doris"]
[Black "Gavric, Dragana"]
[Result "1/2-1/2"]
[WhiteElo "1417"]
[BlackElo "1414"]
[PlyCount "58"]
[EventDate "2008.03.17"]

1. e4 c5 2. Nf3 e6 3. d3 Nc6 4. g3 Nf6 5. Nbd2 Qc7 6. Bg2 a6 7. O-O d6 8. Re1
Be7 9. Qe2 Ng4 10. h3 Nge5 11. Rb1 Nb4 12. Nf1 Nxf3+ 13. Bxf3 Nxa2 14. Bf4 e5
15. Bd2 Nb4 16. c3 Nc6 17. Bg2 b5 18. Be3 Bf6 19. Rbd1 Be6 20. Nh2 c4 21. d4
Na5 22. d5 Bd7 23. Ra1 Nb3 24. Ra3 O-O 25. Qh5 Nc5 26. Rd1 Nd3 27. Rd2 Rfb8 28.
b4 a5 29. Rda2 Qb7 1/2-1/2

[Event "Österreichische Meisterschafte"]
[Site "Imst"]
[Date "2008.03.20"]
[Round "6.1"]
[White "Kessler, Michaela"]
[Black "Wunderl, Eva"]
[Result "1-0"]
[WhiteElo "1750"]
[BlackElo "1613"]
[PlyCount "55"]
[EventDate "2008.03.17"]

1. e4 e5 2. Nf3 Nc6 3. Bb5 a6 4. Ba4 d6 5. O-O g6 6. d4 exd4 7. Qxd4 Qf6 8. e5
b5 9. Qe4 dxe5 10. Bg5 Qd6 11. Nxe5 Bf5 12. Qxc6+ Qxc6 13. Nxc6 bxa4 14. Re1+
Be6 15. Nd4 Bg7 16. Nxe6 fxe6 17. Nc3 Bxc3 18. bxc3 Kf7 19. Re4 Nf6 20. Rf4 e5
21. Rxf6+ Kg7 22. Rc6 Rhc8 23. Bf6+ Kg8 24. Bxe5 Ra7 25. Rb1 a5 26. g3 Kf7 27.
Bd4 Raa8 28. Rb7 1-0

[Event "Österreichische Meisterschafte"]
[Site "Imst"]
[Date "2008.03.20"]
[Round "6.2"]
[White "De, Leon Angelica"]
[Black "Anker, Christin"]
[Result "0-1"]
[WhiteElo "1349"]
[BlackElo "1821"]
[PlyCount "74"]
[EventDate "2008.03.17"]

1. e4 e5 2. Nf3 Nc6 3. Bc4 Bc5 4. c3 Nf6 5. d3 a6 6. b4 Bb6 7. O-O d6 8. h3 Be6
9. Bb3 h6 10. Nbd2 O-O 11. Re1 Nh5 12. Nf1 Qf6 13. a4 Nf4 14. Bxf4 Qxf4 15. g3
Bxb3 16. gxf4 Bxd1 17. Rexd1 exf4 18. d4 Rfe8 19. N1d2 Rad8 20. h4 f6 21. Nh2
d5 22. Re1 dxe4 23. Nxe4 Kf7 24. Kg2 g5 25. hxg5 fxg5 26. Kf3 Bxd4 27. b5 Ne5+
28. Kg2 Ba7 29. f3 Nc4 30. Ng4 Ne3+ 31. Nxe3 Bxe3 32. Kh3 Kg6 33. bxa6 bxa6 34.
Rab1 Bb6 35. Rh1 Rd3 36. Kg4 Rxe4 37. fxe4 Rg3# 0-1

[Event "Österreichische Meisterschafte"]
[Site "Imst"]
[Date "2008.03.20"]
[Round "6.3"]
[White "Steininger, Sandra"]
[Black "Gerhold, Doris"]
[Result "1-0"]
[WhiteElo "1590"]
[BlackElo "1417"]
[PlyCount "23"]
[EventDate "2008.03.17"]

1. e4 e5 2. Nf3 Nc6 3. Bc4 Bc5 4. c3 Nf6 5. d4 exd4 6. e5 d5 7. Bb5 Nd7 8. cxd4
Bb4+ 9. Nc3 O-O 10. O-O Re8 11. Nxd5 Ba5 12. Nc3 1-0

[Event "Österreichische Meisterschafte"]
[Site "Imst"]
[Date "2008.03.20"]
[Round "6.4"]
[White "Fröwis, Annika"]
[Black "Vergeiner, Sandra"]
[Result "1-0"]
[WhiteElo "1906"]
[BlackElo "1258"]
[PlyCount "81"]
[EventDate "2008.03.17"]

1. e4 e5 2. Nf3 Nc6 3. d4 exd4 4. Bc4 Nf6 5. e5 d5 6. Bb5 Ne4 7. Nxd4 Bd7 8.
Bxc6 bxc6 9. O-O Bc5 10. f3 Ng5 11. Kh1 O-O 12. Nb3 Bb6 13. a4 a6 14. Nc3 Re8
15. f4 Ne4 16. Nxe4 dxe4 17. a5 Ba7 18. Qe2 f5 19. Qxa6 Be6 20. Qxc6 Rb8 21.
Qc3 Qd5 22. Be3 Bxe3 23. Qxe3 Qc6 24. Nd4 Qc5 25. Rfb1 Rbd8 26. c3 Rd5 27. b4
Qc4 28. a6 Rdd8 29. a7 g6 30. b5 Bd5 31. h4 h5 32. b6 cxb6 33. Rxb6 Qc7 34.
Rxg6+ Kf7 35. Rf6+ Kg7 36. Qg3+ Kh8 37. Rh6+ Qh7 38. Rxh7+ Kxh7 39. Qg5 Bf7 40.
Qxf5+ Bg6 41. Qf6 1-0

[Event "Österreichische Meisterschafte"]
[Site "Imst"]
[Date "2008.03.20"]
[Round "6.5"]
[White "Gavric, Dragana"]
[Black "Wilfling, Sandra"]
[Result "0-1"]
[WhiteElo "1414"]
[BlackElo "1580"]
[PlyCount "92"]
[EventDate "2008.03.17"]

1. e4 c5 2. Nf3 d6 3. d4 cxd4 4. Nxd4 Nf6 5. Nc3 g6 6. Be3 Bg7 7. Qd2 Nc6 8. f3
O-O 9. g4 Nxd4 10. Bxd4 Be6 11. Be3 Qa5 12. Bh6 Rfc8 13. h4 Bxh6 14. g5 Bg7 15.
gxf6 Bxf6 16. Nd5 Qxd2+ 17. Kxd2 Bxd5 18. exd5 Bxb2 19. Rb1 Bc3+ 20. Kd1 Rab8
21. Bd3 Kg7 22. Rb3 Kf6 23. f4 Bd4 24. h5 Be3 25. hxg6 hxg6 26. Rf1 e6 27. dxe6
fxe6 28. Bxg6 Bxf4 29. Be4 Ke5 30. Bxb7 Rc5 31. Rb4 d5 32. Rfxf4 a5 33. Ra4
Rxb7 34. Rf2 Rb4 35. Rxb4 axb4 36. Re2+ Kd6 37. Re3 Ra5 38. Rb3 Kc5 39. Rb2 Kc4
40. Kd2 d4 41. Kd1 Ra3 42. Kd2 e5 43. Kd1 Kc3 44. Rb3+ Rxb3 45. axb3 e4 46. Kc1
d3 0-1

[Event "Österreichische Meisterschafte"]
[Site "Imst"]
[Date "2008.03.21"]
[Round "7.1"]
[White "Gerhold, Doris"]
[Black "Kessler, Michaela"]
[Result "1/2-1/2"]
[WhiteElo "1417"]
[BlackElo "1750"]
[PlyCount "55"]
[EventDate "2008.03.17"]

1. e4 c5 2. Nf3 d6 3. d3 Nc6 4. g3 g6 5. Bg2 Bg7 6. O-O e5 7. Nbd2 Nge7 8. Re1
O-O 9. c3 Rb8 10. Nf1 b5 11. Be3 b4 12. c4 f5 13. Qc1 Nd4 14. Nxd4 exd4 15. Bg5
Bf6 16. Bxf6 Rxf6 17. Qg5 Qf8 18. e5 dxe5 19. Rxe5 h6 20. Qd2 Nc6 21. Re2 Bd7
22. f4 Re8 23. Rae1 Rxe2 24. Rxe2 Kg7 25. Qe1 Qd6 26. Nd2 Re6 27. Rxe6 Bxe6 28.
Nb3 1/2-1/2